000 00615nam a22002297a 4500
003 UA-OsUOA
001 29299
007 ta
008 20041006b un ||||| |||| 00| 0 ukr d
090 _a311.313(477)
_bР43
942 _cBK
040 _aUA-OsUOA
_bukr
_cUA-OsUOA
_dUA-OsUOA
245 _aРівненщина: статистичний щорічник Рівненської області за 2003 рік
_cРед. Ю.В.Мороз
300 _a576 с.
955 _a0
041 _aukr
080 _a311.313(477)
260 _aРівне
_c2004
044 _aUA
650 7 _2UDC
999 _c315682
_d315682